Energy at the crossroads : (Record no. 355499)

000 -LEADER
fixed length control field 01518cam a22003974a 4500
001 - CONTROL NUMBER
control field 13036539
003 - CONTROL NUMBER IDENTIFIER
control field Nust- CAS-E
005 - DATE AND TIME OF LATEST TRANSACTION
control field 20180118181403.0
008 - FIXED-LENGTH DATA ELEMENTS--GENERAL INFORMATION
fixed length control field 021220s2003 mauab b 001 0 eng
010 ## - LIBRARY OF CONGRESS CONTROL NUMBER
LC control number 2002045222
020 ## - INTERNATIONAL STANDARD BOOK NUMBER
International Standard Book Number 0262194929
040 ## - CATALOGING SOURCE
Original cataloging agency DLC
Transcribing agency DLC
Modifying agency DLC
042 ## - AUTHENTICATION CODE
Authentication code pcc
043 ## - GEOGRAPHIC AREA CODE
Geographic area code n-us---
-- a-cc---
050 00 - LIBRARY OF CONGRESS CALL NUMBER
Classification number HD9502.A2
Item number S543 2003
082 00 - DEWEY DECIMAL CLASSIFICATION NUMBER
Classification number 333.79
Edition number 21
Author Mark SMI 2003
100 1# - MAIN ENTRY--PERSONAL NAME
Personal name Smil, Vaclav.
245 10 - TITLE STATEMENT
Title Energy at the crossroads :
Remainder of title global perspectives and uncertainties /
Statement of responsibility, etc. Vaclav Smil.
260 ## - PUBLICATION, DISTRIBUTION, ETC.
Place of publication, distribution, etc. Cambridge, Mass. :
Name of publisher, distributor, etc. MIT Press,
Date of publication, distribution, etc. c2003.
300 ## - PHYSICAL DESCRIPTION
Extent xiv, 427 p. :
Other physical details ill., maps ;
Dimensions 24 cm.
502 ## - DISSERTATION NOTE
Dissertation note AGAINST FORCASTING
504 ## - BIBLIOGRAPHY, ETC. NOTE
Bibliography, etc. note Includes bibliographical references (p. [383]-418) and index.
650 #0 - SUBJECT ADDED ENTRY--TOPICAL TERM
Topical term or geographic name entry element Energy policy.
650 #0 - SUBJECT ADDED ENTRY--TOPICAL TERM
Topical term or geographic name entry element Energy policy
Geographic subdivision United States.
650 #0 - SUBJECT ADDED ENTRY--TOPICAL TERM
Topical term or geographic name entry element Energy policy
Geographic subdivision China.
650 #0 - SUBJECT ADDED ENTRY--TOPICAL TERM
Topical term or geographic name entry element Energy policy
General subdivision Environmental aspects.
650 #0 - SUBJECT ADDED ENTRY--TOPICAL TERM
Topical term or geographic name entry element Energy development
General subdivision Technological innovations.
650 #0 - SUBJECT ADDED ENTRY--TOPICAL TERM
Topical term or geographic name entry element Globalization
General subdivision Environmental aspects.
650 #0 - SUBJECT ADDED ENTRY--TOPICAL TERM
Topical term or geographic name entry element Power resources
General subdivision Political aspects
-- History.
650 #0 - SUBJECT ADDED ENTRY--TOPICAL TERM
Topical term or geographic name entry element Petroleum industry and trade
General subdivision Political aspects
-- History.
650 #0 - SUBJECT ADDED ENTRY--TOPICAL TERM
Topical term or geographic name entry element History, Modern.
856 41 - ELECTRONIC LOCATION AND ACCESS
Materials specified Table of contents
Uniform Resource Identifier <a href="http://www.loc.gov/catdir/toc/fy042/2002045222.html">http://www.loc.gov/catdir/toc/fy042/2002045222.html</a>
906 ## - LOCAL DATA ELEMENT F, LDF (RLIN)
a 7
b cbc
c orignew
d 1
e ocip
f 20
g y-gencatlg
942 ## - ADDED ENTRY ELEMENTS (KOHA)
Source of classification or shelving scheme
Koha item type Book
Holdings
Withdrawn status Lost status Source of classification or shelving scheme Damaged status Not for loan Permanent Location Current Location Date acquired Source of acquisition Total Checkouts Full call number Barcode Date last seen Price effective from Koha item type
          US-Pakistan Center for Advanced Studies in Energy (USPCAS-E) US-Pakistan Center for Advanced Studies in Energy (USPCAS-E) 11/11/2013 Eagle   333.79 SMI 2003 CAS-E0000448 01/27/2015 01/27/2015 Book
© 2023 Central Library, National University of Sciences and Technology. All Rights Reserved.